Prueba 4 - Estadísticas

Estadísticas generales
  • Esta prueba ha sido intentada 8 veces
  • La puntuación promedio es 3 de 10
Estadísticas de respuestas
Pregunta Respuesta % Correcto
¿Cuántas ramas tienen Costa Rica? 3
100%
¿Cuántos años pueden servir el presidente? 4
100%
Costa Rica tiene un gobierno... Presidencialismo
50%
¿Cuándo empezó Rodrigo Chaves Robles? 2022
0%
¿Cuántos magistrados tiene la Corte Suprema de Justicia? 22
0%
¿Cuántas sillas hay en la asamblea legislativa? 57
0%
Costa Rica tiene las mismas ramas como los Estados Unidos Cierto
0%
Costa Rica tiene una systema federal Falso
0%
¿Los vicepresidentes son una parte de cuál partido político? Partido Progreso Social Democrático
0%
¿Rodrigo Chaves Robles es una parte de cuál partido político? Partido Progreso Social Democrático
0%
No se encontraron pruebas coincidentes
Distribución de puntuación
Porcentaje de gente con cada puntuación
Porcentaje por número respondido
Historial de tus puntuaciones
No has intentado esta prueba.